[Event "Pan American-ch U20"]
[Site "San Salvador"]
[Date "2015.07.20"]
[Round "8"]
[White "Munoz, Randall"]
[Black "De Leon, Gabriel"]
[Result "1-0"]
[WhiteElo "1706"]
[BlackElo "1804"]
[PlyCount "53"]
[EventDate "2015.07.16"]
[EventType "swiss"]
[EventRounds "9"]
[EventCountry "ESA"]
[SourceTitle "EXT 2016"]
[Source "ChessBase"]
[SourceDate "2015.10.08"]
[SourceVersion "1"]
[SourceVersionDate "2015.10.08"]
[SourceQuality "1"]

1. e4 e5 2. Nf3 Nc6 3. Bc4 Nf6 4. Nc3 Nxe4 5. Nxe4 d5 6. Bb5 dxe4 7. Nxe5 Qd5 8. Bxc6+ bxc6 9. Ng4 Ba6 10. Ne3 Qe6 11. d3 Rd8 12. 0-0 exd3 13. cxd3 Bc5 14. Re1 0-0 15. Bd2 Rxd3 16. Qc2 Bb6 17. b3 Rfd8 18. Nc4 Qf6 19. Qxd3 Bxf2+ 20. Kh1 Bxe1 21. Rxe1 h6 22. Qe3 Bxc4 23. bxc4 Qb2 24. Bc3 Qxa2 25. Qe5 f6 26. Qxc7 Rd3 27. Bxf6 1-0